Central Library OPAC University of Rajshahi

Fisheries Biotechnology / (Record no. 74380)

MARC details
000 -LEADER
fixed length control field 00776nam a2200265 a 4500
001 - CONTROL NUMBER
control field 74380
003 - CONTROL NUMBER IDENTIFIER
rucl marc code BD-RjUL
005 - DATE AND TIME OF LATEST TRANSACTION
control field 20211209082538.0
008 - FIXED-LENGTH DATA ELEMENTS--GENERAL INFORMATION
fixed length control field 180808s2008 ii afd|| b||| 00| 0 eng d
020 ## - INTERNATIONAL STANDARD BOOK NUMBER
International Standard Book Number 8185375860
Terms of availability :Tk. 2994.00
035 ## - SYSTEM CONTROL NUMBER
System control number (BD-RjUL)74598
040 ## - CATALOGING SOURCE
Original cataloging agency BD-RjUL
Language of cataloging eng
Transcribing agency BD-RjUL
041 ## - LANGUAGE CODE
Language code of text/sound track or separate title eng
082 ## - DEWEY DECIMAL CLASSIFICATION NUMBER
Edition number 23
Classification number 639.2
Author mark and year FIS 2008
245 ## - TITLE STATEMENT
Title Fisheries Biotechnology /
Statement of responsibility, etc. edited by W.S. Lakra... [et.-al]
260 ## - PUBLICATION, DISTRIBUTION, ETC. (IMPRINT)
Place of publication, distribution, etc. Delhi :
Name of publisher, distributor, etc. Narendra Pub. ,
Date of publication, distribution, etc. 2008
300 ## - PHYSICAL DESCRIPTION
Pagination Xv , 240 p. :
Illustrations ill. ;
Size 25 cm
504 ## - BIBLIOGRAPHY, ETC. NOTE
Bibliography, etc Includes bibliographical references
650 ## - SUBJECT ADDED ENTRY--TOPICAL TERM
Topical term or geographic name as entry element Marine biotechnology
9 (RLIN) 222225
Topical term or geographic name as entry element Fisheries
9 (RLIN) 222226
700 ## - ADDED ENTRY--PERSONAL NAME
Personal name Abidi, S.A.H.
Personal name Mukhergy, S.C.
Personal name Ayyappan, S
942 ## - ADDED ENTRY ELEMENTS (KOHA)
Source of classification or shelving scheme Dewey Decimal Classification
Koha item type Books
Holdings
Lost status Source of classification or shelving scheme Damaged status Not for loan Collection code Permanent Location Current Location Shelving location Date acquired Source of acquisition Cost, normal purchase price Total Checkouts Full call number Date last seen Copy number Koha item type
  Dewey Decimal Classification   Not For Loan Non-fiction Central Library, University of Rajshahi Central Library, University of Rajshahi Reading Room 19/07/2018 Dhaka : Paragon Interprisees 2994.00   639.2 FIS 2008 08/08/2018 C-1 Books